[Event "OHS 2019"]
[Site "?"]
[Date "2019.02.04"]
[Round "2.9"]
[White "Deutschmann, Jürgen"]
[Black "Arndt, Olaf"]
[Result "0-1"]
[WhiteElo "1687"]
[BlackElo "1967"]
[PlyCount "72"]
[EventDate "2019.??.??"]
[WhiteTeam "SV Hattingen e.V."]
[BlackTeam "SV Horst-Emscher 31"]

1. d4 f5 2. g3 e6 3. Bg2 d5 4. Nf3 Bd6 5. Bg5 Nf6 6. Qc1 c5 7. O-O Nc6 8. c4
Nxd4 9. Nxd4 cxd4 10. cxd5 e5 11. e3 O-O 12. exd4 e4 13. Nc3 Qb6 14. Qd2 Bb4
15. Bxf6 Rxf6 16. a3 Be7 17. Rfe1 Rg6 18. Na4 Qd6 19. Nc3 Bg5 20. Qe2 Bd7 21.
b4 Rc8 22. f4 Bf6 23. Qd2 Rc4 24. Ne2 Qxd5 25. Kh1 Bd8 26. Rac1 Rgc6 27. Rxc4
Rxc4 28. Rc1 Bb6 29. Rxc4 Qxc4 30. Bf1 Bc6 31. Kg1 Qd3 32. Qa2+ Kf8 33. g4
Bxd4+ 34. Nxd4 Qxd4+ 35. Qf2 e3 36. Qc2 e2# 0-1

[Event "OHS 2019"]
[Site "?"]
[Date "2019.02.04"]
[Round "2.10"]
[White "Melmer, Felix"]
[Black "Dreckmann, Günter"]
[Result "1/2-1/2"]
[WhiteElo "2031"]
[BlackElo "1605"]
[PlyCount "28"]
[EventDate "2019.??.??"]
[WhiteTeam "SC Gerthe 46 - Werne"]
[BlackTeam "SV Königsspringer Halt"]

1. f4 d5 2. Nf3 g6 3. g3 Bg7 4. Bg2 c5 5. O-O Nc6 6. d3 Nf6 7. c3 O-O 8. Na3 a6
9. Nh4 h6 10. e4 e5 11. fxe5 Nxe5 12. Bf4 Nc6 13. Bc1 d4 14. Nf3 Bg4 1/2-1/2

[Event "OHS 2019"]
[Site "?"]
[Date "2019.02.04"]
[Round "2.11"]
[White "Bacaksiz, Bilal"]
[Black "Boost, Jürgen"]
[Result "1/2-1/2"]
[WhiteElo "1638"]
[BlackElo "1942"]
[PlyCount "52"]
[EventDate "2019.??.??"]
[WhiteTeam "SF Springer Bochum 19"]
[BlackTeam "SC Gerthe 46 - Werne"]

1. d4 d5 2. Bf4 Nf6 3. e3 e6 4. Nd2 Bd6 5. Bg3 O-O 6. Bd3 c5 7. c3 Nc6 8. Ngf3
Re8 9. Ne5 Qc7 10. f4 cxd4 11. cxd4 Nb4 12. Bb1 Bd7 13. a3 Nc6 14. Bh4 Be7 15.
O-O Ne4 16. Bxe4 dxe4 17. Bxe7 Rxe7 18. Nxe4 f5 19. Nxd7 Qxd7 20. Nc5 Qd5 21.
b4 b6 22. Nd3 a5 23. Qd2 Rd7 24. Rfc1 Nxd4 25. exd4 Qxd4+ 26. Qf2 Qxd3 1/2-1/2

[Event "OHS 2019"]
[Site "?"]
[Date "2019.02.04"]
[Round "2.12"]
[White "Sikorski, Thomas"]
[Black "Eibl, Rüdiger"]
[Result "0-1"]
[WhiteElo "1806"]
[BlackElo "1662"]
[PlyCount "50"]
[EventDate "2019.??.??"]
[WhiteTeam "SF Essen-Katernberg 0"]
[BlackTeam "SC Buer-Hassel 1919 e.V."]

1. c4 Nf6 2. Nf3 d6 3. Nc3 g6 4. e4 e5 5. d4 exd4 6. Nxd4 Bg7 7. Be2 O-O 8. O-O
a6 9. Be3 Nbd7 10. Qd2 Nc5 11. f3 Ne6 12. Rfd1 Nxd4 13. Bxd4 Qe7 14. Nd5 Nxd5
15. cxd5 Bd7 16. Bxg7 Kxg7 17. Qc3+ Kg8 18. Qxc7 Rfc8 19. Qxb7 Rcb8 20. Qc7
Rxb2 21. Re1 Rc8 22. Qa7 Rcc2 23. Kf1 Rxe2 24. Rxe2 Rxe2 25. Kxe2 Bb5+ 0-1

[Event "OHS 2019"]
[Site "?"]
[Date "2019.02.04"]
[Round "2.13"]
[White "Sehrbrock, Christoph"]
[Black "Bock, Oswin"]
[Result "1-0"]
[WhiteElo "1970"]
[BlackElo "1368"]
[PlyCount "43"]
[EventDate "2019.??.??"]
[WhiteTeam "SV Waltrop 1922 e.V."]
[BlackTeam "SG Höntrop 1947"]

1. e4 b6 2. d4 e6 3. Bd3 Be7 4. Nf3 d6 5. O-O Ba6 6. c4 Bb7 7. Nc3 a6 8. a4 h6
9. a5 Nd7 10. axb6 cxb6 11. Qe2 Ngf6 12. Re1 O-O 13. e5 Bxf3 14. Qxf3 Ne8 15.
Qe4 f5 16. exf6 Nexf6 17. Qxe6+ Kh8 18. Qxe7 Qc7 19. Qe2 Rae8 20. Qd1 Rxe1+ 21.
Qxe1 Re8 22. Qd1 1-0

[Event "OHS 2019"]
[Site "?"]
[Date "2019.02.04"]
[Round "2.14"]
[White "Tolksdorf, Jürgen"]
[Black "Czarnik, Jozef"]
[Result "0-1"]
[WhiteElo "1582"]
[BlackElo "1893"]
[PlyCount "70"]
[EventDate "2019.??.??"]
[WhiteTeam "SG Höntrop 1947"]
[BlackTeam "SV Königsspringer Halt"]

1. e4 c5 2. Nf3 e6 3. c4 Nc6 4. Nc3 a6 5. d4 cxd4 6. Nxd4 Qc7 7. Be3 Nf6 8. Bd3
Bd6 9. Nxc6 dxc6 10. g3 e5 11. Qe2 Ng4 12. c5 Be7 13. Na4 Qa5+ 14. Nc3 Nxe3 15.
fxe3 Be6 16. O-O Qxc5 17. Na4 Qb4 18. b3 O-O 19. Nb2 b5 20. Rac1 Rac8 21. Bb1
Rfd8 22. Nd3 Qd6 23. Nc5 Bh3 24. Rfd1 Qg6 25. Rxd8+ Rxd8 26. b4 Bg4 27. Qf2 Bc8
28. Bc2 a5 29. a3 a4 30. Bb1 Qh5 31. Ba2 Bh3 32. Re1 Bxc5 33. bxc5 Kf8 34. Qe2
Qxe2 35. Rxe2 Rd1+ 0-1

[Event "OHS 2019"]
[Site "?"]
[Date "2019.02.04"]
[Round "2.15"]
[White "Ritter, Wolfgang"]
[Black "Ewers, Christian"]
[Result "1/2-1/2"]
[WhiteElo "1558"]
[BlackElo "1732"]
[PlyCount "57"]
[EventDate "2019.??.??"]
[WhiteTeam "SG Drewer 54 e.V"]
[BlackTeam "SG Mengede 1922"]

1. e4 Nf6 2. Nc3 d5 3. exd5 Nxd5 4. Nxd5 Qxd5 5. Nf3 Bg4 6. Be2 e6 7. O-O Be7
8. d3 O-O 9. h3 Bh5 10. Re1 c6 11. Nd2 Bxe2 12. Qxe2 Nd7 13. Ne4 Rad8 14. Bf4
Nb6 15. Nc3 Qf5 16. Qe4 Qh5 17. Qe2 Qxe2 18. Rxe2 Nd5 19. Nxd5 cxd5 20. d4 Bd6
21. Bxd6 Rxd6 22. c3 Rc8 23. f4 Rb6 24. Rae1 g6 25. g4 Rcc6 26. Rc1 a5 27. b3
Rc7 28. Rec2 a4 29. b4 1/2-1/2

[Event "OHS 2019"]
[Site "?"]
[Date "2019.02.04"]
[Round "2.16"]
[White "Böcher, Joachim"]
[Black "Steinke, Hans-Jörg"]
[Result "1/2-1/2"]
[WhiteElo "1506"]
[BlackElo "1784"]
[PlyCount "57"]
[EventDate "2019.??.??"]
[WhiteTeam "SG Höntrop 1947"]
[BlackTeam "SV Datteln 1924"]

1. d4 d5 2. Nf3 Nf6 3. c3 Nbd7 4. g3 e6 5. Bg2 Bd6 6. O-O O-O 7. Nbd2 c5 8.
dxc5 Nxc5 9. Nb3 Nxb3 10. Qxb3 b6 11. Bg5 Ba6 12. Rfe1 Bc4 13. Qc2 Rc8 14. Nd2
Bb5 15. e4 dxe4 16. Nxe4 Be7 17. Bxf6 Bxf6 18. Nxf6+ Qxf6 19. Qe4 Bc6 20. Qe5
Qxe5 21. Rxe5 Rfd8 22. Bxc6 Rxc6 23. Rae1 Rcd6 24. Kf1 g6 25. h4 Rd2 26. R5e2
h5 27. Rxd2 Rxd2 28. Re2 Rd1+ 29. Re1 1/2-1/2

[Event "OHS 2019"]
[Site "?"]
[Date "2019.02.04"]
[Round "2.17"]
[White "Engelmann, Chris"]
[Black "Illner, Jan"]
[Result "1/2-1/2"]
[WhiteElo "1788"]
[BlackElo "1608"]
[PlyCount "48"]
[EventDate "2019.??.??"]
[WhiteTeam "SV Unser Fritz Wanne-E"]
[BlackTeam "SG Bochum 1931"]

1. e4 e6 2. d4 d5 3. exd5 exd5 4. c4 Nf6 5. Nc3 Be7 6. Nf3 O-O 7. Bd3 dxc4 8.
Bxc4 Nc6 9. O-O Bg4 10. Bg5 Bxf3 11. Qxf3 Qxd4 12. Bb5 Qc5 13. Rfe1 Qxg5 14.
Bxc6 bxc6 15. Rxe7 Qd2 16. Re2 Qd6 17. Rd1 Qc5 18. Ne4 Nxe4 19. Qxe4 Rfd8 20.
Rf1 Rab8 21. Rc2 Qb5 22. Re1 h6 23. Qf4 Qa5 24. Rec1 Qxa2 1/2-1/2

[Event "OHS 2019"]
[Site "?"]
[Date "2019.02.04"]
[Round "2.18"]
[White "Kümmel, Hans-Jürgen"]
[Black "Demond, Ricardo"]
[Result "1/2-1/2"]
[WhiteElo "1579"]
[BlackElo "1686"]
[PlyCount "56"]
[EventDate "2019.??.??"]
[WhiteTeam "SV Günnigfeld 1922 e.V"]
[BlackTeam "SC Buer-Hassel 1919 e.V."]

1. c4 Nf6 2. Nf3 d5 3. d4 c6 4. Nc3 g6 5. cxd5 cxd5 6. e3 Nc6 7. Be2 Bg7 8. O-O
O-O 9. a3 a6 10. b4 Bg4 11. Bb2 Rc8 12. Rc1 e6 13. Na4 Nd7 14. Nc5 Nxc5 15.
bxc5 b5 16. cxb6 Qxb6 17. Qd2 Na5 18. Qb4 Qxb4 19. axb4 Bxf3 20. gxf3 Nc4 21.
Bxc4 dxc4 22. Bc3 Rc6 23. Ra1 Rb8 24. Ra4 Bf8 25. Rfa1 Rcb6 26. Rxa6 Bxb4 27.
Rxb6 Rxb6 28. Rb1 Ba5 1/2-1/2

[Event "OHS 2019"]
[Site "?"]
[Date "2019.02.04"]
[Round "2.19"]
[White "Ponto, Michael"]
[Black "Buchhop, Rainer"]
[Result "1-0"]
[WhiteElo "1742"]
[BlackElo "1491"]
[PlyCount "113"]
[EventDate "2019.??.??"]
[WhiteTeam "SV Horst-Emscher 31"]
[BlackTeam "SV Unser Fritz Wanne-E"]

1. e4 c5 2. Nf3 Nc6 3. Bc4 e6 4. c3 d5 5. exd5 exd5 6. Be2 Nf6 7. O-O Be7 8. d4
h6 9. dxc5 Bxc5 10. b4 Be7 11. h3 O-O 12. Be3 Be6 13. Nbd2 Rc8 14. Rc1 Re8 15.
a4 Qc7 16. Nd4 Nxd4 17. Bxd4 Qb8 18. Bd3 Nd7 19. f4 f5 20. Qh5 Rf8 21. Qg6 Bf6
22. Nb3 Bxd4+ 23. Nxd4 Rf6 24. Qh5 Bf7 25. Qf3 Nb6 26. Bxf5 Rf8 27. Bc2 Nc4 28.
Rf2 Re8 29. Re2 Rxe2 30. Nxe2 Qd6 31. Qf2 b6 32. Qd4 Re6 33. Ng3 Rf6 34. Rf1
Qe6 35. Rf3 Qe1+ 36. Kh2 Qe6 37. f5 Qd6 38. Kg1 Ne5 39. Rf2 Nc4 40. Ne2 Qe5 41.
Qxe5 Nxe5 42. Nd4 Kf8 43. Re2 Nc4 44. g4 Rd6 45. Bd3 Rd7 46. Kf2 Be8 47. Kf3
Rd6 48. b5 Kf7 49. Bxc4 dxc4 50. Kf4 Rd7 51. h4 Rc7 52. g5 Bd7 53. Ne6 Rc8 54.
Ke5 Re8 55. Kd6 Bc8 56. Re5 Re7 57. Nd8+ 1-0

[Event "OHS 2019"]
[Site "?"]
[Date "2019.02.04"]
[Round "2.20"]
[White "Schmidt, Rolf-Günther"]
[Black "Gausmann, Thomas"]
[Result "0-1"]
[WhiteElo "1208"]
[BlackElo "1563"]
[PlyCount "60"]
[EventDate "2019.??.??"]
[WhiteTeam "Recklinghäuser Schachgemeinschaf"]
[BlackTeam "SG Bochum 1931"]

1. d4 Nf6 2. c4 e6 3. Nc3 d5 4. cxd5 exd5 5. f3 c5 6. dxc5 d4 7. Ne4 Nxe4 8.
fxe4 Qh4+ 9. g3 Qxe4 10. Nf3 Bxc5 11. Bg2 O-O 12. O-O d3+ 13. Rf2 dxe2 14. Qd2
Nc6 15. Qf4 e1=Q+ 16. Nxe1 Qxe1+ 17. Bf1 Bh3 18. Be3 Qxe3 19. Qxe3 Bxe3 20.
Bxh3 Rad8 21. Kg2 Bxf2 22. Kxf2 Rd2+ 0-1

[Event "OHS 2019"]
[Site "?"]
[Date "2019.02.11"]
[Round "3.1"]
[White "Hammerich, Simon"]
[Black "Quast, Marcel"]
[Result "0-1"]
[WhiteElo "1994"]
[BlackElo "2222"]
[PlyCount "110"]
[EventDate "2019.??.??"]
[WhiteTeam "SF Gelsenkirchen 2002"]
[BlackTeam "SC Gerthe 46 - Werne"]

1. e4 Nf6 2. e5 Nd5 3. d4 d6 4. Nf3 dxe5 5. Nxe5 c6 6. Nf3 g6 7. c4 Nb6 8. h3
Bg7 9. Nc3 O-O 10. Be3 N8d7 11. Be2 e5 12. O-O exd4 13. Bxd4 Nf6 14. Qb3 Be6
15. Rad1 Qc8 16. Bxb6 axb6 17. Qxb6 Nh5 18. Nd4 Nf4 19. Nxe6 Nxe2+ 20. Nxe2
Qxe6 21. Rfe1 Qxc4 22. Qxb7 Rab8 23. Qd7 Rxb2 24. Nc1 c5 25. a4 Bd4 26. Nd3 Ra2
27. a5 Qc2 28. Rf1 Rxa5 29. Nb4 Qa4 30. Nc6 Ra6 31. Ne7+ Kg7 32. Qg4 Bf6 33.
Qxa4 Rxa4 34. Nd5 Bd4 35. Rc1 Ra2 36. Ne3 Rd8 37. Rc2 Rxc2 38. Nxc2 Kf6 39.
Nxd4 Rxd4 40. Rc1 c4 41. Kf1 Ke5 42. Rc3 Kd5 43. Ke2 Kc5 44. Ra3 Rd7 45. Ra8 c3
46. Rc8+ Kb4 47. Rb8+ Kc4 48. Rc8+ Kb3 49. Rb8+ Kc2 50. Rc8 Kb2 51. Rb8+ Kc1
52. Rc8 c2 53. Ke1 Rb7 54. Ke2 Kb2 55. Kd2 Rd7+ 0-1

[Event "OHS 2019"]
[Site "?"]
[Date "2019.02.11"]
[Round "3.2"]
[White "Kiese, Matthias"]
[Black "Wiechen, Ulrich"]
[Result "1-0"]
[WhiteElo "2220"]
[BlackElo "2156"]
[PlyCount "87"]
[EventDate "2019.??.??"]
[WhiteTeam "Bochumer SV 02"]
[BlackTeam "SC Buer-Hassel 1919 e.V."]

1. d4 d5 2. c4 e6 3. Nc3 Nf6 4. Bg5 Nbd7 5. e3 c6 6. cxd5 exd5 7. Bd3 Be7 8.
Qc2 Nf8 9. Nf3 Ng6 10. O-O Ng4 11. Bxe7 Qxe7 12. Bf5 Qf6 13. Bxc8 Rxc8 14. Nxd5
Qe6 15. Nc3 O-O 16. Ne4 Rfe8 17. Nc5 Qe7 18. Rac1 Rcd8 19. h3 Nf6 20. Nd3 Nd5
21. Rfe1 Rd6 22. e4 Ndf4 23. e5 Nxd3 24. Qxd3 Rd5 25. Qe3 Qd7 26. Rc4 Nf8 27.
Qa3 a6 28. Rc5 Rxc5 29. Qxc5 Ne6 30. Qb6 Nf4 31. Qb3 Re6 32. Re4 Nd5 33. Rg4 h6
34. a3 f5 35. exf6 Rxf6 36. Ne5 Qf5 37. Qxb7 Qxf2+ 38. Kh2 g5 39. Qc8+ Kg7 40.
Qd7+ Kf8 41. Qh7 Re6 42. Qh8+ Ke7 43. Qg7+ Ke8 44. Qd7+ 1-0

[Event "OHS 2019"]
[Site "?"]
[Date "2019.02.11"]
[Round "3.3"]
[White "Bialas, Jan-Philip"]
[Black "Ribbeheger, Edgar"]
[Result "0-1"]
[WhiteElo "1518"]
[BlackElo "2054"]
[PlyCount "67"]
[EventDate "2019.??.??"]
[WhiteTeam "SV Datteln 1924"]
[BlackTeam "SK Sodingen/Castrop 24/23 e.V."]

1. d4 Nf6 2. Nf3 e6 3. c4 c5 4. e3 d5 5. Nc3 Be7 6. Be2 O-O 7. O-O b6 8. Qc2
Bb7 9. b3 cxd4 10. exd4 dxc4 11. bxc4 Nc6 12. Rd1 Rc8 13. Qb2 Qc7 14. Nb5 Qb8
15. Be3 Na5 16. Rac1 Ng4 17. Ne5 Nxe3 18. fxe3 Rfd8 19. Bh5 g6 20. Qf2 f5 21.
Bxg6 hxg6 22. Nxg6 Bf6 23. Nf4 Kf7 24. Qe2 Rh8 25. c5 Rcg8 26. Nd6+ Ke7 27.
Nxb7 Qxb7 28. d5 Be5 29. dxe6 Bxf4 30. Rd7+ Qxd7 31. exd7 Bxh2+ 32. Kf2 Bg3+
33. Kf3 Nc6 34. Qd3 0-1

[Event "OHS 2019"]
[Site "?"]
[Date "2019.02.11"]
[Round "3.4"]
[White "Peters, Georg"]
[Black "Arndt, Olaf"]
[Result "1/2-1/2"]
[WhiteElo "1854"]
[BlackElo "1967"]
[PlyCount "54"]
[EventDate "2019.??.??"]
[WhiteTeam "SK Xanten e.V."]
[BlackTeam "SV Horst-Emscher 31"]

1. e4 d5 2. exd5 Nf6 3. Nf3 Nxd5 4. d4 g6 5. c4 Nb6 6. Nc3 Bg7 7. c5 Nd5 8. Bc4
c6 9. Qb3 O-O 10. O-O Nxc3 11. bxc3 b5 12. cxb6 axb6 13. Re1 b5 14. Bf1 Qd6 15.
a4 Be6 16. Qc2 Bd5 17. Ba3 Qf4 18. Bxe7 Bxf3 19. Bxf8 Bxf8 20. gxf3 Bd6 21.
Re8+ Kg7 22. Bg2 Rxa4 23. Rxa4 bxa4 24. Qxa4 Qc1+ 25. Bf1 Qg5+ 26. Bg2 Qc1+ 27.
Bf1 Qg5+ 1/2-1/2

[Event "OHS 2019"]
[Site "?"]
[Date "2019.02.11"]
[Round "3.5"]
[White "Eibl, Rüdiger"]
[Black "Schicktanz, Florian"]
[Result "0-1"]
[WhiteElo "1662"]
[BlackElo "1767"]
[PlyCount "70"]
[EventDate "2019.??.??"]
[WhiteTeam "SC Buer-Hassel 1919 e.V."]
[BlackTeam "SV Erkenschwick 1923 e"]

1. d4 f5 2. Bg5 Nf6 3. Bxf6 exf6 4. e3 d5 5. c3 Be6 6. Bd3 c5 7. Ne2 c4 8. Bc2
Bd6 9. Nf4 Bxf4 10. exf4 O-O 11. O-O Qd6 12. Qf3 Re8 13. Nd2 Nc6 14. Rfe1 Bd7
15. g3 b5 16. b4 a5 17. a3 Rxe1+ 18. Rxe1 axb4 19. axb4 Ra2 20. Qd1 Na7 21. Qb1
Ra3 22. Qb2 Ra6 23. Nf1 Nc8 24. Bb1 Nb6 25. Bc2 Na4 26. Bxa4 Rxa4 27. Ra1 Qa6
28. Rxa4 bxa4 29. Qa3 Qe6 30. Ne3 Qe4 31. Qb2 g5 32. Qc2 Qf3 33. Nxf5 gxf4 34.
Ne7+ Kf8 35. Nf5 fxg3 0-1

[Event "OHS 2019"]
[Site "?"]
[Date "2019.02.11"]
[Round "3.6"]
[White "Löffelbein, Klaus"]
[Black "Melmer, Felix"]
[Result "1/2-1/2"]
[WhiteElo "2002"]
[BlackElo "2031"]
[PlyCount "49"]
[EventDate "2019.??.??"]
[WhiteTeam "SC Gerthe 46 - Werne"]
[BlackTeam "SC Gerthe 46 - Werne"]

1. d4 d5 2. c4 dxc4 3. e3 e5 4. Bxc4 exd4 5. exd4 Nf6 6. Nf3 Bb4+ 7. Nc3 O-O 8.
O-O Nc6 9. Qb3 Bd6 10. Bb5 Na5 11. Qc2 a6 12. Bd3 Nc6 13. Be3 Nb4 14. Qd2 Nxd3
15. Qxd3 Bg4 16. Bg5 h6 17. Bh4 g5 18. Nxg5 hxg5 19. Bxg5 Bh5 20. Qf5 Kg7 21.
Ne4 Nxe4 22. Bxd8 Bg6 23. Qg4 Raxd8 24. Rfe1 Nf6 25. Qf3 1/2-1/2

[Event "OHS 2019"]
[Site "?"]
[Date "2019.02.11"]
[Round "3.7"]
[White "Czarnik, Jozef"]
[Black "Rath, Michael"]
[Result "1-0"]
[WhiteElo "1893"]
[BlackElo "1797"]
[PlyCount "67"]
[EventDate "2019.??.??"]
[WhiteTeam "SV Königsspringer Halt"]
[BlackTeam "SV Königsspringer Halt"]

1. e4 d5 2. exd5 Nf6 3. d4 Bg4 4. Be2 Bxe2 5. Qxe2 Qxd5 6. Nf3 e6 7. O-O Be7 8.
Bf4 c6 9. c4 Qd8 10. Nc3 O-O 11. Rfe1 Re8 12. Rad1 Nbd7 13. Ne5 Nf8 14. Rd3 Ng6
15. Bc1 Qc7 16. Red1 Rad8 17. f4 a6 18. g4 b5 19. b3 c5 20. g5 bxc4 21. bxc4
cxd4 22. gxf6 Bxf6 23. Ne4 Bxe5 24. fxe5 Qxe5 25. Qf3 f5 26. Ng5 Qc5 27. Qh5
Nf8 28. Bb2 e5 29. Ba3 Qxc4 30. Bxf8 g6 31. Qxh7+ Kxf8 32. Qh8+ Ke7 33. Qxe5+
Kf8 34. Qf6+ 1-0

[Event "OHS 2019"]
[Site "?"]
[Date "2019.02.11"]
[Round "3.8"]
[White "Kleinert, Andreas"]
[Black "Funke, Eckhard"]
[Result "1-0"]
[WhiteElo "1845"]
[BlackElo "1867"]
[PlyCount "89"]
[EventDate "2019.??.??"]
[WhiteTeam "SF Gelsenkirchen 2002"]
[BlackTeam "SV Günnigfeld 1922 e.V"]

1. c4 Nf6 2. g3 e6 3. Bg2 d5 4. Nf3 Be7 5. O-O O-O 6. b3 c6 7. Bb2 Nbd7 8. d3
Rb8 9. Nbd2 b6 10. Qc2 c5 11. d4 Bb7 12. cxd5 Nxd5 13. dxc5 Nxc5 14. Rac1 Bf6
15. Rfd1 Qc7 16. a3 Rbc8 17. Qb1 Ba6 18. Bf1 Bxb2 19. Qxb2 Nf6 20. b4 Na4 21.
Qb3 b5 22. e3 Rfd8 23. Nd4 Qb7 24. Bg2 Qb6 25. N2f3 Nd5 26. Ne5 Ndc3 27. Re1
Bb7 28. Bxb7 Qxb7 29. Rc2 Nd5 30. Rec1 Kf8 31. Rxc8 Rxc8 32. Rxc8+ Qxc8 33.
Nxb5 Qc1+ 34. Kg2 Nab6 35. e4 Nf6 36. Qd3 Qc8 37. Nxa7 Qa8 38. Nac6 Ke8 39. Qd6
Ng8 40. b5 Qc8 41. Qc5 Qc7 42. Nc4 Nxc4 43. Qxc4 h6 44. a4 Ne7 45. Kf3 1-0

[Event "OHS 2019"]
[Site "?"]
[Date "2019.02.11"]
[Round "3.9"]
[White "Boost, Jürgen"]
[Black "Neumann, Alfred"]
[Result "1-0"]
[WhiteElo "1942"]
[BlackElo "1725"]
[PlyCount "93"]
[EventDate "2019.??.??"]
[WhiteTeam "SC Gerthe 46 - Werne"]
[BlackTeam "SV Datteln 1924"]

1. e4 e5 2. Nf3 Nc6 3. Bb5 a6 4. Bxc6 dxc6 5. O-O Bd6 6. d4 Bg4 7. dxe5 Bxf3 8.
Qxf3 Bxe5 9. Nd2 Nf6 10. Nc4 Qe7 11. Qf5 Nd7 12. Nxe5 Qxe5 13. Qxe5+ Nxe5 14.
b3 O-O-O 15. Bb2 f6 16. Bxe5 fxe5 17. Rad1 Rxd1 18. Rxd1 Rd8 19. Rxd8+ Kxd8 20.
Kf1 Kd7 21. Ke2 Kd6 22. h4 Ke6 23. Ke3 c5 24. c4 Kf6 25. f4 h5 26. f5 c6 27. a4
b5 28. Kf3 Kf7 29. g4 Kg8 30. gxh5 Kh7 31. Kg3 Kh6 32. Kg4 bxa4 33. bxa4 a5 34.
f6 gxf6 35. Kf5 Kxh5 36. Kxf6 Kxh4 37. Kxe5 Kg4 38. Kd6 Kf4 39. e5 Ke4 40. e6
Kd4 41. e7 Kxc4 42. e8=Q Kb4 43. Qxc6 c4 44. Qb5+ Kc3 45. Qxa5+ Kc2 46. Qc5 c3
47. a5 1-0

[Event "OHS 2019"]
[Site "?"]
[Date "2019.02.11"]
[Round "3.10"]
[White "Gausmann, Thomas"]
[Black "Sehrbrock, Christoph"]
[Result "0-1"]
[WhiteElo "1563"]
[BlackElo "1970"]
[PlyCount "84"]
[EventDate "2019.??.??"]
[WhiteTeam "SG Bochum 1931"]
[BlackTeam "SV Waltrop 1922 e.V."]

1. e4 c6 2. d4 d5 3. Nc3 dxe4 4. Nxe4 Nf6 5. Ng3 h5 6. Bc4 h4 7. N3e2 Bf5 8.
Nf3 h3 9. gxh3 Bxh3 10. Ng5 e6 11. Nxh3 Rxh3 12. Bf4 Bd6 13. Qd2 Ne4 14. Qc1
Qh4 15. Rf1 Bxf4 16. Qxf4 Qxf4 17. Nxf4 Rxh2 18. Bd3 Nf6 19. O-O-O Nbd7 20. f3
O-O-O 21. Bc4 Nd5 22. Bxd5 cxd5 23. Nd3 Kb8 24. f4 Rc8 25. Rd2 Rh5 26. Rdf2 g6
27. Ne5 Nxe5 28. fxe5 Rf5 29. Kd2 Rf8 30. Ke2 Rh8 31. Rf4 Rhh5 32. Ke3 Rh3+ 33.
R4f3 Rhxf3+ 34. Rxf3 Rxf3+ 35. Kxf3 Kc7 36. Kg4 Kd7 37. Kg5 Ke7 38. a3 a6 39.
b3 b5 40. c3 a5 41. Kh6 Kf8 42. Kg5 Kg7 0-1

[Event "OHS 2019"]
[Site "?"]
[Date "2019.02.11"]
[Round "3.11"]
[White "Gritzan, Ulrich"]
[Black "Ponto, Michael"]
[Result "1-0"]
[WhiteElo "1793"]
[BlackElo "1742"]
[PlyCount "63"]
[EventDate "2019.??.??"]
[WhiteTeam "SF Gelsenkirchen 2002"]
[BlackTeam "SV Horst-Emscher 31"]

1. c4 e5 2. Nc3 Nf6 3. Nf3 Nc6 4. g3 Be7 5. Bg2 d6 6. d4 exd4 7. Nxd4 Nxd4 8.
Qxd4 c6 9. O-O O-O 10. Rd1 Qc7 11. Bf4 c5 12. Nb5 Qb6 13. Qd2 Be6 14. b3 a6 15.
Nc3 Rad8 16. e4 Rfe8 17. Re1 Ng4 18. Nd5 Bxd5 19. Qxd5 Nf6 20. Qd2 Qc7 21. Rad1
b5 22. Qe2 Qb6 23. Rd2 h6 24. Red1 Bf8 25. f3 b4 26. Rd3 a5 27. Bc1 Nd7 28. f4
f5 29. e5 g5 30. Qc2 Kg7 31. Rd5 Kg6 32. exd6 1-0

[Event "OHS 2019"]
[Site "?"]
[Date "2019.02.11"]
[Round "3.12"]
[White "Dreckmann, Günter"]
[Black "Müller-Kreth, Kai"]
[Result "1-0"]
[WhiteElo "1605"]
[BlackElo "1775"]
[PlyCount "77"]
[EventDate "2019.??.??"]
[WhiteTeam "SV Königsspringer Halt"]
[BlackTeam "SK Sodingen/Castrop 24/23 e.V."]

1. Nf3 c5 2. g3 Nc6 3. Bg2 g6 4. O-O Bg7 5. e4 d6 6. c3 Nf6 7. Re1 O-O 8. d4
cxd4 9. cxd4 e6 10. Nc3 a6 11. Bg5 h6 12. Bf4 Nh5 13. Be3 Kh7 14. g4 Nf6 15. h3
g5 16. d5 exd5 17. exd5 Ne7 18. Nd4 Ng6 19. Nce2 Re8 20. Nf5 Bxf5 21. gxf5 Nh4
22. Ng3 Qd7 23. Qd3 Nxg2 24. Kxg2 Re5 25. Nh5 Qxf5 26. Nxf6+ Bxf6 27. Qxf5+
Rxf5 28. Red1 b5 29. a4 bxa4 30. Rd2 Kg6 31. Rxa4 Be5 32. Ra5 Kf6 33. b4 Rb8
34. Rxa6 Rxb4 35. Bc5 Rb7 36. Bxd6 Rd7 37. Bf8+ Bd6 38. Rxd6+ Rxd6 39. Bxd6 1-0

[Event "OHS 2019"]
[Site "?"]
[Date "2019.02.11"]
[Round "3.13"]
[White "Kowalczyk, Frank"]
[Black "Heinz, Hans-Werner"]
[Result "1-0"]
[WhiteElo "1748"]
[BlackElo "1349"]
[PlyCount "85"]
[EventDate "2019.??.??"]
[WhiteTeam "SK Sodingen/Castrop 24/23 e.V."]
[BlackTeam "SC Recklinghausen Altsta"]

1. e4 c5 2. Nf3 d6 3. d4 e6 4. Nc3 h6 5. dxc5 Nc6 6. Bb5 a6 7. Bxc6+ bxc6 8.
cxd6 Bxd6 9. e5 Be7 10. Qe2 Bb7 11. O-O Qc7 12. Be3 a5 13. Na4 c5 14. c4 Rc8
15. Bf4 Bd8 16. Nc3 Ba6 17. Ne4 Kf8 18. Nd6 Rb8 19. b3 Ne7 20. Nd2 Ng6 21. Bg3
h5 22. h3 h4 23. Bh2 Be7 24. N2e4 Bb7 25. Nb5 Qc6 26. f3 Qb6 27. Rfd1 Bc6 28.
Ned6 Bxb5 29. Nxb5 Rh5 30. f4 Rf5 31. Qe3 Kg8 32. Nd6 Bxd6 33. Rxd6 Qc7 34.
Rad1 Nf8 35. Qf2 g5 36. Qe3 gxf4 37. Bxf4 Rh5 38. Qf3 Rh7 39. Bg5 Ng6 40. Bf6
Rh6 41. Qe3 Rh7 42. Rd8+ Rxd8 43. Rxd8+ 1-0

[Event "OHS 2019"]
[Site "?"]
[Date "2019.02.11"]
[Round "3.14"]
[White "Sikorski, Thomas"]
[Black "Bacaksiz, Bilal"]
[Result "1-0"]
[WhiteElo "1806"]
[BlackElo "1638"]
[PlyCount "49"]
[EventDate "2019.??.??"]
[WhiteTeam "SF Essen-Katernberg 0"]
[BlackTeam "SF Springer Bochum 19"]

1. c4 c6 2. e4 d5 3. e5 Bf5 4. cxd5 Qxd5 5. d4 Bxb1 6. Rxb1 Qa5+ 7. Bd2 Qxa2 8.
Qc2 Qd5 9. Nf3 e6 10. Bd3 Ne7 11. O-O Ng6 12. h4 Be7 13. Be4 Qd8 14. g3 Nd7 15.
Ra1 Nb6 16. Ba5 Qc8 17. Bd2 Nd5 18. Ra4 Bd8 19. Rfa1 Bb6 20. Qb3 O-O 21. Qc2
Rd8 22. Ng5 Nde7 23. h5 Nf8 24. Bxh7+ Kh8 25. Nxf7# 1-0

[Event "OHS 2019"]
[Site "?"]
[Date "2019.02.11"]
[Round "3.15"]
[White "Illner, Jan"]
[Black "Schmidt, Ralph"]
[Result "0-1"]
[WhiteElo "1608"]
[BlackElo "1971"]
[PlyCount "126"]
[EventDate "2019.??.??"]
[WhiteTeam "SG Bochum 1931"]
[BlackTeam "SV Bochum-Linden-Dahlh"]

1. d4 d5 2. Nf3 e6 3. e3 Nf6 4. c4 b6 5. cxd5 Nxd5 6. Bd3 Bb7 7. O-O Be7 8. Bd2
O-O 9. Nc3 Nb4 10. Be4 Bxe4 11. Nxe4 Nd7 12. Bxb4 Bxb4 13. a3 Be7 14. b4 f5 15.
Ned2 Bd6 16. Qb3 Rf6 17. Ng5 Rh6 18. f4 Nf8 19. b5 Bxf4 20. Rxf4 Qxg5 21. Nf3
Qf6 22. Ne5 Ng6 23. Ng4 Qf7 24. Nxh6+ gxh6 25. Rf2 Kh8 26. Rc1 Rg8 27. Qc3 Rg7
28. Rfc2 Qf6 29. Qc6 f4 30. Qa8+ Rg8 31. Qxa7 fxe3 32. Rxc7 Qf2+ 33. Kh1 Nf8
34. Qb7 e2 35. h3 e1=Q+ 36. Rxe1 Qxe1+ 37. Kh2 Qg3+ 38. Kh1 Qd6 39. a4 Qxd4 40.
a5 bxa5 41. b6 Qd1+ 42. Kh2 Qd6+ 43. Kh1 Rg5 44. Qf3 Rf5 45. Qc3+ e5 46. b7
Rf1+ 47. Kh2 Rb1 48. Rc6 Qd4 49. Qxd4 exd4 50. Rc8 Rxb7 51. Rxf8+ Kg7 52. Rf5
a4 53. Kg3 Ra7 54. Rc5 a3 55. Rc1 a2 56. Ra1 Ra3+ 57. Kf4 Kf6 58. Ke4 d3 59.
Ke3 h5 60. g3 Ke5 61. Kd2 Kd4 62. Ke1 Kc3 63. Kd1 Kb2 0-1

[Event "OHS 2019"]
[Site "?"]
[Date "2019.02.11"]
[Round "3.17"]
[White "Steinke, Hans-Jörg"]
[Black "Kümmel, Hans-Jürgen"]
[Result "1-0"]
[WhiteElo "1784"]
[BlackElo "1579"]
[PlyCount "68"]
[EventDate "2019.??.??"]
[WhiteTeam "SV Datteln 1924"]
[BlackTeam "SV Günnigfeld 1922 e.V"]

1. d4 Nf6 2. c4 e6 3. Nf3 d5 4. Nc3 Be7 5. Bg5 h6 6. Bh4 b6 7. e3 Bb7 8. cxd5
Nxd5 9. Bxe7 Qxe7 10. Rc1 O-O 11. Be2 Nxc3 12. Rxc3 c5 13. dxc5 bxc5 14. O-O
Nd7 15. Qc2 Nf6 16. Rxc5 Rac8 17. Rc1 Rxc5 18. Qxc5 Qxc5 19. Rxc5 Rc8 20. Rxc8+
Bxc8 21. Kf1 Ne4 22. Ke1 Kf8 23. Nd2 Nd6 24. Nc4 Ne8 25. b4 Ke7 26. Kd2 Nc7 27.
Bf3 f6 28. a4 Kd7 29. b5 Nd5 30. Kd3 Kc7 31. Kd4 Bb7 32. a5 Ne7 33. Bxb7 Kxb7
34. Nd6+ Kc7 1-0